[Event "HUN-ch Rapid"]
[Site "Ajka"]
[Date "2021.07.17"]
[Round "9"]
[White "Meszaros, Tamas"]
[Black "Kozak, Adam"]
[Result "0-1"]
[WhiteElo "2377"]
[BlackElo "2504"]
[PlyCount "102"]
[EventDate "2021.07.16"]
[EventType "swiss (rapid)"]
[EventRounds "13"]
[EventCountry "HUN"]
[SourceTitle "CBM 203 Extra"]
[Source "ChessBase"]
[SourceDate "2021.09.30"]
[SourceVersion "1"]
[SourceVersionDate "2021.09.30"]
[SourceQuality "1"]

1. e4 e5 2. Nf3 Nc6 3. Nc3 Nf6 4. d4 exd4 5. Nxd4 Bc5 6. Nxc6 bxc6 7. Bg5 h6 8. Bh4 d6 9. Bd3 Rb8 10. Na4 Bd4 11. c3 Be5 12. 0-0 g5 13. Bg3 Qe7 14. Qe2 Bd7 15. c4 h5 16. f4 gxf4 17. Bxf4 Ng4 18. h3 Bxf4 19. Rxf4 Ne5 20. Raf1 Qg5 21. Qe3 c5 22. Bc2 Rg8 23. R1f2 Ng6 24. R4f3 Nh4 25. Qxg5 Nxf3+ 26. Rxf3 Rxg5 27. Bb3 Bxa4 28. Bxa4+ Ke7 29. b3 Rbg8 30. Rf2 Rg3 31. Kh2 h4 32. Bc6 R8g5 33. Bd5 f6 34. Bc6 Ke6 35. Rb2 Ke5 36. Rf2 Kd4 37. Re2 Kd3 38. Rf2 Ke3 39. Rb2 Rg6 40. Bd5 Kd3 41. Rf2 a5 42. Bf7 R6g5 43. Bd5 Re3 44. Rxf6 Re2 45. e5 dxe5 46. Bf3 Rxa2 47. Rf7 Rg3 48. Kh1 e4 49. Rd7+ Ke3 50. Re7 Rxf3 51. gxf3 Kxf3 0-1

[Event "HUN-ch Rapid"]
[Site "Ajka"]
[Date "2021.07.17"]
[Round "7"]
[White "Meszaros, Tamas"]
[Black "Nagy, Gabor"]
[Result "1-0"]
[WhiteElo "2377"]
[BlackElo "2523"]
[PlyCount "71"]
[EventDate "2021.07.16"]
[EventType "swiss (rapid)"]
[EventRounds "13"]
[EventCountry "HUN"]
[SourceTitle "CBM 203 Extra"]
[Source "ChessBase"]
[SourceDate "2021.09.30"]
[SourceVersion "1"]
[SourceVersionDate "2021.09.30"]
[SourceQuality "1"]

1. e4 c5 2. Nf3 e6 3. c4 Nc6 4. Nc3 Nd4 5. Nxd4 cxd4 6. Ne2 e5 7. d3 Nf6 8. a3 b5 9. b3 h5 10. h4 bxc4 11. bxc4 Rb8 12. Ng3 g6 13. Be2 d6 14. f4 Ng4 15. Bxg4 Bxg4 16. Qa4+ Bd7 17. Qxa7 Bc6 18. fxe5 Bg7 19. Bg5 Ra8 20. Bxd8 Rxa7 21. Bf6 0-0 22. Bxg7 Kxg7 23. exd6 f5 24. 0-0 Ra5 25. exf5 gxf5 26. Nxh5+ Kh6 27. Nf4 Rf6 28. Rfb1 Rxd6 29. Rb6 Kg7 30. Re1 Rxa3 31. Re7+ Kf6 32. Rc7 Ke5 33. g3 Ra1+ 34. Kf2 Ra2+ 35. Ke1 Bd7 36. Rc5+ 1-0

[Event "HUN-ch Rapid"]
[Site "Ajka"]
[Date "2021.07.16"]
[Round "1"]
[White "Meszaros, Tamas"]
[Black "Kocsis, Soma"]
[Result "1-0"]
[WhiteElo "2377"]
[BlackElo "1579"]
[PlyCount "73"]
[EventDate "2021.07.16"]
[EventType "swiss (rapid)"]
[EventRounds "13"]
[EventCountry "HUN"]
[SourceTitle "CBM 203 Extra"]
[Source "ChessBase"]
[SourceDate "2021.09.30"]
[SourceVersion "1"]
[SourceVersionDate "2021.09.30"]
[SourceQuality "1"]

1. e4 e6 2. d4 d5 3. Nd2 dxe4 4. Nxe4 Bd7 5. Bd3 Nf6 6. Nf3 Be7 7. Qe2 Bc6 8. Ng3 0-0 9. 0-0 Nbd7 10. Ne5 Nb6 11. Nxc6 bxc6 12. Rd1 g6 13. c3 Nbd5 14. Qf3 Qd7 15. a3 Rfd8 16. c4 Nb6 17. Bf4 a5 18. Be5 Ne8 19. Be4 Rab8 20. Bxc6 Qc8 21. Rac1 Bd6 22. Bxe8 Rxe8 23. Ne4 Bxe5 24. dxe5 Rd8 25. Nf6+ Kg7 26. Qf4 c5 27. h4 h6 28. Ng4 Rh8 29. Qf6+ Kg8 30. Rd6 Nd7 31. Qe7 Nf8 32. Rcd1 Rb7 33. Qf6 h5 34. Rd8 Qc6 35. Rxf8+ Kxf8 36. Qxh8+ Ke7 37. Qd8# 1-0

[Event "HUN-ch rapid"]
[Site "Ajka"]
[Date "2020.07.19"]
[Round "11"]
[White "Erdos, Viktor"]
[Black "Meszaros, Tamas"]
[Result "1-0"]
[WhiteElo "2618"]
[BlackElo "2378"]
[PlyCount "51"]
[EventDate "2020.07.17"]
[EventType "swiss (rapid)"]
[EventRounds "13"]
[EventCountry "HUN"]
[SourceTitle "CBM 197 Extra"]
[Source "ChessBase"]
[SourceDate "2020.09.30"]
[SourceVersion "1"]
[SourceVersionDate "2020.09.30"]
[SourceQuality "1"]

1. Nf3 d5 2. d4 Nf6 3. c4 e6 4. g3 dxc4 5. Bg2 Bd7 6. Nbd2 Bb4 7. Qc2 b5 8. 0-0 Bc6 9. a4 a6 10. axb5 axb5 11. Rxa8 Bxa8 12. Nxc4 Bxf3 13. Bxf3 Qxd4 14. Na3 Qb6 15. Be3 c5 16. Qb3 Nbd7 17. Nc2 Qd6 18. Nxb4 cxb4 19. Rd1 Qe7 20. Bd2 0-0 21. Bxb4 Nc5 22. Qa3 Rc8 23. Bxc5 Rxc5 24. Qa8+ Ne8 25. Bc6 Kf8 26. Bxe8 1-0

[Event "HUN-ch rapid"]
[Site "Ajka"]
[Date "2020.07.18"]
[Round "8"]
[White "Martini, Balazs"]
[Black "Meszaros, Tamas"]
[Result "0-1"]
[WhiteElo "2339"]
[BlackElo "2378"]
[PlyCount "78"]
[EventDate "2020.07.17"]
[EventType "swiss (rapid)"]
[EventRounds "13"]
[EventCountry "HUN"]
[SourceTitle "CBM 197 Extra"]
[Source "ChessBase"]
[SourceDate "2020.09.30"]
[SourceVersion "1"]
[SourceVersionDate "2020.09.30"]
[SourceQuality "1"]

1. d4 Nf6 2. Nf3 e6 3. Bg5 c5 4. e3 h6 5. Bh4 b6 6. Be2 Bb7 7. a4 Be7 8. 0-0 0-0 9. a5 bxa5 10. Nbd2 Nc6 11. c3 d5 12. Qa4 Nd7 13. Bg3 Nb6 14. Qa2 a4 15. Bb5 a3 16. bxa3 c4 17. a4 Na5 18. Qc2 a6 19. Rfb1 axb5 20. axb5 Bd6 21. Ra2 Bxg3 22. hxg3 Qc7 23. Rba1 Nd7 24. Qb2 Qb6 25. Qb4 Nb3 26. Nxb3 cxb3 27. Qxb3 Rxa2 28. Rxa2 Rb8 29. Qb4 Nf8 30. Ne5 f6 31. Nd3 Bc8 32. Rb2 Bd7 33. Nc5 Bxb5 34. Qa3 Qc7 35. Qb4 Qc6 36. e4 Nd7 37. Nxd7 Qxd7 38. Qc5 Rb7 39. exd5 exd5 0-1